Máy và thiết bị thi công
TM tài liệu tham khảo tr. 349; Gồm 12 chương: Thiết bị thi công cọc đóng và cọc ống; cọc khoan nhồi; những thiết bị phụ trợ phục vụ thi công cọc đóng, cọc ống, cọc khoan nhồi; cần trục dùng trong xây dựng; dụng cụ lắp ráp và thiết bị nâng tải...
Salvato in:
| Autore principale: | |
|---|---|
| Natura: | Libro |
| Lingua: | Undetermined |
| Pubblicazione: |
H.
Xây dựng
2012
|
| Soggetti: | |
| Accesso online: | http://lrc.tdmu.edu.vn/opac/search/detail.asp?aID=2&ID=21995 |
| Tags: |
Aggiungi Tag
Nessun Tag, puoi essere il primo ad aggiungerne! !
|
| Thư viện lưu trữ: | Trung tâm Học liệu Trường Đại học Thủ Dầu Một |
|---|
| LEADER | 01124nam a2200205Ia 4500 | ||
|---|---|---|---|
| 001 | TDMU_21995 | ||
| 008 | 210410s9999 xx 000 0 und d | ||
| 082 | |a 624.028 | ||
| 090 | |b PH104 | ||
| 100 | |a Phạm, Huy Chính | ||
| 245 | 0 | |a Máy và thiết bị thi công | |
| 245 | 0 | |c Phạm Huy Chính | |
| 260 | |a H. | ||
| 260 | |b Xây dựng | ||
| 260 | |c 2012 | ||
| 300 | |a 352 tr. | ||
| 520 | |a TM tài liệu tham khảo tr. 349; Gồm 12 chương: Thiết bị thi công cọc đóng và cọc ống; cọc khoan nhồi; những thiết bị phụ trợ phục vụ thi công cọc đóng, cọc ống, cọc khoan nhồi; cần trục dùng trong xây dựng; dụng cụ lắp ráp và thiết bị nâng tải đơn giản; thiết bị phục vụ công tác bê tông; gia công cốt thép... | ||
| 650 | |a Xây dựng |x Máy |x Thiết bị thi công; Máy |x Thiết bị thi công |x Xây dựng | ||
| 856 | |u http://lrc.tdmu.edu.vn/opac/search/detail.asp?aID=2&ID=21995 | ||
| 980 | |a Trung tâm Học liệu Trường Đại học Thủ Dầu Một | ||